CCCTB: iniciatíva Európskej komisie na daňovú reformu

Európska komisia predstavila plány na revíziu toho, ako sú podniky v rámci jednotného trhu zdaňované. Cieľom je dosiahnuť taký systém dane z príjmov právnických osôb, ktorý bude spravodlivý a naklonený rastu.

Salvato in:
Dettagli Bibliografici
Natura: Capitolo di libro
Lingua:slovacco
Soggetti:
Tags: Aggiungi Tag
Nessun Tag, puoi essere il primo ad aggiungerne!!

MARC

LEADER 00000naa a2200000 4500
001 0225337
005 20171024140934.6
041 0 |a slo 
044 |a SK 
245 1 0 |a CCCTB: iniciatíva Európskej komisie na daňovú reformu 
520 |a Európska komisia predstavila plány na revíziu toho, ako sú podniky v rámci jednotného trhu zdaňované. Cieľom je dosiahnuť taký systém dane z príjmov právnických osôb, ktorý bude spravodlivý a naklonený rastu. 
610 2 0 |a reformy daňové 
610 2 0 |a Európska komisia 
610 2 0 |a dane korporatívne